Проблема оценки биодоступности тяжелых металлов из загрязненных почв и грунтов; Тяжелые металлы и радионуклиды в окружающей среде; Т. 1

מידע ביבליוגרפי
Parent link:Тяжелые металлы и радионуклиды в окружающей среде: материалы VII Международной научно-практической конференции, 4-8 октября 2012 г., г. Семипалатинск (Семей)/ Семипалатинский государственный педагогический институт ; Российская академия наук (РАН), Институт геохимии и аналитической химии (ГЕОХИ) ; Московский государственный университет им. М. В. Ломоносова (МГУ) ; Национальный исследовательский Томский политехнический университет (ТПУ) ; Российская академия наук (РАН), Сибирское отделение (СО), Институт почвоведения и агрохимии (ИПА) ; под ред. М. А. Бектемесова.— , 2012.— 978-601-7332-72-3
Т. 1.— 2012.— С. 468-470
מחבר ראשי: Максимова О. А.
מחברים אחרים: Черных Н. А., Седов Н. С.
שפה:רוסית
יצא לאור: 2012
סדרה:Физиолого-биохимические аспекты метаболизма и участия тяжелых металлов и радионуклидов в эколого-трофических системах
נושאים:
פורמט: Book Chapter
KOHA link:https://koha.lib.tpu.ru/cgi-bin/koha/opac-detail.pl?biblionumber=259274

MARC

LEADER 00000naa2a2200000 4500
001 259274
005 20231031220611.0
035 |a (RuTPU)RU\TPU\book\282197 
035 |a RU\TPU\book\282196 
090 |a 259274 
100 |a 20140506d2012 k y0rusy50 ca 
101 0 |a rus 
102 |a RU 
200 1 |a Проблема оценки биодоступности тяжелых металлов из загрязненных почв и грунтов  |f О. А. Максимова, Н. А. Черных, Н. С. Седов 
225 1 |a Физиолого-биохимические аспекты метаболизма и участия тяжелых металлов и радионуклидов в эколого-трофических системах 
320 |a Библиогр.: с. 470 (5 назв.) 
461 1 |0 (RuTPU)RU\TPU\book\270768  |y 978-601-7332-72-3  |t Тяжелые металлы и радионуклиды в окружающей среде  |o материалы VII Международной научно-практической конференции, 4-8 октября 2012 г., г. Семипалатинск (Семей)  |f Семипалатинский государственный педагогический институт ; Российская академия наук (РАН), Институт геохимии и аналитической химии (ГЕОХИ) ; Московский государственный университет им. М. В. Ломоносова (МГУ) ; Национальный исследовательский Томский политехнический университет (ТПУ) ; Российская академия наук (РАН), Сибирское отделение (СО), Институт почвоведения и агрохимии (ИПА) ; под ред. М. А. Бектемесова  |d 2012 
463 0 |0 (RuTPU)RU\TPU\book\269463  |t Т. 1  |v С. 468-470  |d 2012  |p 519 с. 
610 1 |a оценка 
610 1 |a биодоступность 
610 1 |a тяжелые металлы 
610 1 |a загрязненная почва 
610 1 |a грунты 
610 1 |a химические вещества 
700 1 |a Максимова  |b О. А. 
701 1 |a Черных  |b Н. А. 
701 1 |a Седов  |b Н. С. 
801 1 |a RU  |b 63413507  |c 20140331 
801 2 |a RU  |b 63413507  |c 20150219  |g RCR 
942 |c BK